Ak sa firma prestane hýbať, umiera
Firemná flexibilita (agilita) ako dôležitý predpoklad dlhodobého úspechu. Prieskumy konkurenčnej schopnosti firiem. Tri základné piliere, ktoré by firmám mali pomôcť zmeny predvídať a novým situáciám prispôsobiť. Rozhodovanie zdola nahor. Veľavravné dáta. Využívanie cloudu.
Guardado en:
| Autor principal: | |
|---|---|
| Formato: | Capítulo de libro |
| Lenguaje: | eslovaco |
| Materias: | |
| Etiquetas: |
Sin Etiquetas, Sea el primero en etiquetar este registro!
|
MARC
| LEADER | 00000naa a2200000 4500 | ||
|---|---|---|---|
| 001 | 0212404 | ||
| 005 | 20231113104758.1 | ||
| 041 | 0 | |a slo | |
| 044 | |a SK | ||
| 245 | 1 | 0 | |a Ak sa firma prestane hýbať, umiera |c Stanislav Molnár |
| 520 | |a Firemná flexibilita (agilita) ako dôležitý predpoklad dlhodobého úspechu. Prieskumy konkurenčnej schopnosti firiem. Tri základné piliere, ktoré by firmám mali pomôcť zmeny predvídať a novým situáciám prispôsobiť. Rozhodovanie zdola nahor. Veľavravné dáta. Využívanie cloudu. | ||
| 610 | 2 | 0 | |a manažment |
| 610 | 2 | 0 | |a riadenie |
| 610 | 2 | 0 | |a konkurencia |
| 610 | 2 | 0 | |a konkurencieschopnosť |
| 610 | 2 | 0 | |a flexibilita |
| 610 | 2 | 0 | |a decentralizácia |
| 610 | 2 | 0 | |a cloud computing |
| 610 | 2 | 0 | |a rozhodovanie |
| 610 | 2 | 0 | |a firmy |
| 100 | 1 | |a Molnár, Stanislav | |